Estadísticas para Estacions de Rodalies - Serveis Regionals

Haz click aquí para intentar la prueba.

Estadísticas generales

  • Esta prueba ha sido intentada 118 veces
    (20 desde el último reinicio)
  • La puntuación promedio es 82 de 176

Estadísticas de respuestas

R% Correcto
Barcelona - Estació de França
81%
Barcelona - Sants
81%
Reus
81%
Tarragona
81%
L'Hospitalet de Llobregat
75%
Lleida - Pirineus
75%
Castelldefels
69%
Girona
69%
Barcelona - Arc de Triomf
63%
Barcelona - El Clot - Aragó
63%
Barcelona - Passeig de Gràcia
63%
El Prat de Llobregat
63%
Granollers Centre
63%
Maçanet - Massanes
63%
Salou - Port Aventura
63%
Sant Vicenç de Calders
63%
Terrassa
63%
Tortosa
63%
Vic
63%
Vilanova i la Geltrú
63%
Altafulla - Tamarit
56%
Balenyà - Tona - Seva
56%
Barcelona - La Sagrera - Meridiana
56%
Barcelona - Pl. Catalunya
56%
Cambrils
56%
Figueres
56%
Gavà
56%
L'Aldea - Amposta
56%
Manresa
56%
Sabadell Centre
56%
Sitges
56%
St. Celoni
56%
Torredembarra
56%
Balenyà - Els Hostalets
50%
Barcelona - St. Andreu
50%
Centelles
50%
Cunit
50%
Granollers - Canovelles
50%
Portbou
50%
Puigcerdà
50%
Sabadell Nord
50%
Sabadell Sud
50%
Vila-seca
50%
Barberà del Vallès
44%
Barcelona - Fabra i Puig
44%
Barcelona - Torre del Baró
44%
Bellvitge
44%
Calaf
44%
Camarles - Deltebre
44%
Camp-redó
44%
Cerbère
44%
Cervera
44%
Figaró
44%
Flaçà
44%
Gualba
44%
L'Ametlla de Mar
44%
L'Ampolla - Perelló - Deltebre
44%
La Tor de Querol - Enveig
44%
L'Espluga de Francolí
44%
L'Hospitalet de l'Infant
44%
Manlleu
44%
Mollerussa
44%
Mollet - Sta. Rosa
44%
Montblanc
44%
Montcada Bifurcació
44%
Montcada - Ripollet
44%
Sils
44%
Terrassa Est
44%
Torelló
44%
Viladecans
44%
Aguilar de Segarra
38%
Alcover
38%
Ascó
38%
Bordils - Juià
38%
Calafell
38%
Caldes de Malavella
38%
Campdevànol
38%
Cerdanyola del Vallès
38%
Colera
38%
Cubelles
38%
Flix
38%
Fornells de la Selva
38%
Hostalric
38%
La Molina
38%
La Plana - Picamoixons
38%
Les Borges Blanques
38%
Les Franqueses del Vallès
38%
Llançà
38%
Montcada i Reixac - Manresa
38%
Montcada i Reixac - Sta. Maria
38%
Parets del Vallès
38%
Puigverd de Lleida - Artesa de Lleida
38%
Ribes de Freser
38%
Ripoll
38%
Riudellots
38%
Roda de Barà
38%
Roda de Mar
38%
Sta. Perpètua de Mogoda - La Florida
38%
St. Martí de Centelles
38%
St. Miquel de Fluvià
38%
Tàrrega
38%
Valls
38%
Vilajuïga
38%
Vilamalla
38%
Vimbodí i Poblet
38%
Vinaixa
38%
Anglesola
31%
Bell-lloc d'Urgell
31%
Bellpuig
31%
Camallera
31%
Castellnou de Seana
31%
Celrà
31%
Golmés
31%
Juneda
31%
La Floresta
31%
La Garriga
31%
La Riba
31%
Móra la Nova
31%
Planoles
31%
Rajadell
31%
Riba-roja d'Ebre
31%
Riells i Viabrea - Breda
31%
Segur de Calafell
31%
St. Jordi Desvalls
31%
St. Vicenç de Castellet
31%
Toses
31%
Urtx - Alp
31%
Vilaverd
31%
La Farga de Bebié
25%
La Selva del Camp
25%
Nulles - Bràfim
25%
Salomó
25%
Seguers - St. Pere Sallavinera
25%
St. Guim de Freixenet
25%
St. Quirze de Besora
25%
Borgonyà
19%
Capçanes
19%
Duesaigües - L'Argentera
19%
Els Guiamets
19%
Les Borges del Camp
13%
Marçà - Falset
13%
Pradell
13%
Riudecanyes - Botarell
13%
St. Martí Sesgueioles
13%
Vilabella
13%

Distribución de puntuación

Porcentaje por número respondido

Porcentaje de gente con cada puntuación

Historial de tus puntuaciones

No has intentado esta prueba desde el último reinicio